00954 a2200193 4500003000500000005001700005010001600022020001500038040000900053082001200062100002400074245003900098260005000137300002400187505047400211650002800685650002700713650002000740NUST20221117132903.0 a 72093078 a0444001336 cNust00a515,KLA1 aKlambauer, Gabriel.10aReal analysis /cGabriel Klambauer aNew York,bAmerican Elsevier Pub. Co.c[1973] axi, 436 p.:c24 cm. aLebesgue Measure on the Real Line (Page-6), Lebesgue Measurable Functions (Page-32), The Lebesgue integral on the Real Line (Page-51), Differentiation and Absolute Continity (Page-100), Abstract Measure and Integration (Page-141), Outer Measure and Product Measure (Page-180), Topologies and Metric Spaces (Page-232), The Method and Metric Spaces (Page-232),The Method of P. J. Daniell (Page-274), The Stone Daniell Integral (Page-300), Normed Linear Spaces (Page-382). 0aIntegrals, Generalized. 0aMathematical analysis. 0aMeasure theory.